[Event "Colombia ch sf 2009 femenina"]
[Site "Buga COL"]
[Date "2009.05.30"]
[Round "1.1"]
[White "Rivera, Ingris"]
[Black "Salcedo, Diana"]
[Result "1/2-1/2"]
[WhiteElo "2187"]
[BlackElo "1961"]
[PlyCount "110"]
[EventDate "2009.05.30"]
[EventType "swiss"]
[EventRounds "7"]
[EventCountry "COL"]
[Source "lmi"]
[SourceDate "2009.05.30"]

1. Nf3 d5 2. d4 e6 3. c4 Nf6 4. Nbd2 c5 5. e3 Nc6 6. cxd5 exd5 7. dxc5 Bxc5 8.
Nb3 Bb6 9. Be2 O-O 10. O-O Bg4 11. h3 Bh5 12. Bd2 Qd6 13. Nbd4 Nxd4 14. Nxd4
Bxe2 15. Qxe2 Bxd4 16. exd4 Qb6 17. Bc3 Ne4 18. Rfe1 Nxc3 19. bxc3 Qc6 20. Qf3
Rfe8 21. Re5 Rxe5 22. dxe5 Re8 23. Qe3 f6 24. f4 b6 25. Qd4 fxe5 26. fxe5 Qc5
27. Kh2 Qxd4 28. cxd4 Rc8 29. Rf1 a5 30. Rf5 Rc6 31. a4 g6 32. Rf3 Kg7 33. Rb3
Kf7 34. Rb5 Ke6 35. Kg3 Rc3+ 36. Kf4 Rc4 37. Rxb6+ Ke7 38. e6 Rxd4+ 39. Ke5
Rxa4 40. Rb7+ Ke8 41. Kd6 Rb4 42. Re7+ Kf8 43. Rxh7 Rb6+ 44. Kxd5 Ra6 45. Rf7+
Ke8 46. Rf3 a4 47. Ra3 Ke7 48. g4 Ra5+ 49. Kc4 Kxe6 50. Kb4 Ra7 51. h4 Ke5 52.
h5 gxh5 53. gxh5 Kf5 54. Rxa4 Rxa4+ 55. Kxa4 Kg5 1/2-1/2

[Event "Colombia ch sf 2009 femenina"]
[Site "Buga COL"]
[Date "2009.05.30"]
[Round "1.3"]
[White "Orozco, Luz Elena"]
[Black "Perez, Laura"]
[Result "1-0"]
[WhiteElo "2058"]
[BlackElo "1906"]
[PlyCount "45"]
[EventDate "2009.05.30"]
[EventType "swiss"]
[EventRounds "7"]
[EventCountry "COL"]
[Source "lmi"]
[SourceDate "2009.05.30"]

1. e4 c6 2. c4 d5 3. exd5 cxd5 4. cxd5 Nf6 5. Bb5+ Bd7 6. Bc4 Bf5 7. Nc3 Nbd7
8. d6 exd6 9. Qf3 Bg6 10. Qxb7 Be7 11. d4 O-O 12. Nf3 Qa5 13. Qa6 Qh5 14. O-O
d5 15. Be2 Bf5 16. Bf4 g5 17. Bxg5 Kh8 18. Bf4 Rg8 19. Bg3 Be6 20. Ne5 Qg5 21.
f4 Qg7 22. f5 Nxe5 23. dxe5 1-0

[Event "Colombia ch sf 2009 femenina"]
[Site "Buga COL"]
[Date "2009.05.30"]
[Round "1.4"]
[White "Granada, Angie"]
[Black "Herrera, Milena"]
[Result "0-1"]
[WhiteElo "1914"]
[BlackElo "2108"]
[PlyCount "54"]
[EventDate "2009.05.30"]
[EventType "swiss"]
[EventRounds "7"]
[EventCountry "COL"]
[Source "lmi"]
[SourceDate "2009.05.30"]

1. d4 Nf6 2. c4 c5 3. d5 e6 4. Nc3 exd5 5. cxd5 d6 6. e4 g6 7. f4 Bg7 8. Bb5+
Nbd7 9. e5 dxe5 10. fxe5 Nh5 11. e6 Qh4+ 12. g3 Bxc3+ 13. bxc3 Nxg3 14. Nf3
Qe4+ 15. Kf2 Nxh1+ 16. Qxh1 fxe6 17. dxe6 O-O 18. exd7 Qh4+ 19. Kg1 Qg4+ 20.
Qg2 Bxd7 21. Qxg4 Bxg4 22. Bc4+ Kg7 23. Ne5 Bh3 24. Ba3 b6 25. Bd5 Rae8 26. Nc6
Re2 27. Rd1 Rd2 0-1

[Event "Colombia ch sf 2009 femenina"]
[Site "Buga COL"]
[Date "2009.05.30"]
[Round "1.6"]
[White "Matta, Paola Andrea"]
[Black "Rua, Nora"]
[Result "1-0"]
[WhiteElo "2055"]
[BlackElo "2009"]
[PlyCount "73"]
[EventDate "2009.05.30"]
[EventType "swiss"]
[EventRounds "7"]
[EventCountry "COL"]
[Source "lmi"]
[SourceDate "2009.05.30"]

1. Nf3 d5 2. c4 c6 3. g3 Nf6 4. Bg2 Bf5 5. b3 e6 6. Bb2 Nbd7 7. d4 Be7 8. O-O
O-O 9. Ne5 Ne4 10. f3 Nd6 11. c5 Ne8 12. e4 Bg6 13. Nxg6 hxg6 14. e5 b6 15. b4
a5 16. a3 axb4 17. axb4 Rxa1 18. Bxa1 Qa8 19. Nc3 Qa3 20. Qa4 Qxa4 21. Nxa4 b5
22. Nb6 Nb8 23. Nc8 Bd8 24. f4 Nc7 25. Nd6 Be7 26. h4 Nca6 27. Bc3 Rd8 28. Ra1
Rd7 29. Bf1 Rc7 30. Nxb5 cxb5 31. Bxb5 Nxb4 32. Ra8 Rb7 33. c6 N4xc6 34. Bxc6
Rb6 35. Be8 Kf8 36. Ba4 Kg8 37. Ba5 1-0

[Event "Colombia ch sf 2009 femenina"]
[Site "Buga COL"]
[Date "2009.05.30"]
[Round "1.9"]
[White "Castrillon Gomez, Melissa"]
[Black "Aragon Aviles, Sandra"]
[Result "1-0"]
[WhiteElo "2027"]
[BlackElo "1705"]
[PlyCount "69"]
[EventDate "2009.05.30"]
[EventType "swiss"]
[EventRounds "7"]
[EventCountry "COL"]
[Source "lmi"]
[SourceDate "2009.05.30"]

1. e4 e5 2. Nf3 Nc6 3. Bb5 a6 4. Ba4 Nf6 5. O-O b5 6. Bb3 Be7 7. Re1 O-O 8. h3
d6 9. c3 Bb7 10. d4 exd4 11. cxd4 Na5 12. Bc2 c5 13. d5 Nc4 14. b3 Ne5 15. Nxe5
dxe5 16. Bb2 Bd6 17. f4 Nd7 18. Qg4 Qe7 19. Nd2 f5 20. exf5 Bxd5 21. fxe5 Nxe5
22. Qh5 Qf6 23. Be4 Bf7 24. Qe2 Rae8 25. Kh1 Qg5 26. Nf3 Nxf3 27. Qxf3 Qf4 28.
Qxf4 Bxf4 29. Bb7 a5 30. Bc6 Rxe1+ 31. Rxe1 b4 32. Re4 Bd6 33. Rg4 g6 34. fxg6
hxg6 35. Rh4 1-0

[Event "Colombia ch sf 2009 femenina"]
[Site "Buga COL"]
[Date "2009.05.30"]
[Round "2.1"]
[White "Franco Valencia, Beatriz I"]
[Black "Castrillon Gomez, Melissa"]
[Result "1-0"]
[WhiteElo "2155"]
[BlackElo "2027"]
[PlyCount "63"]
[EventDate "2009.05.30"]
[EventType "swiss"]
[EventRounds "7"]
[EventCountry "COL"]
[Source "lmi"]
[SourceDate "2009.05.30"]

1. e4 g6 2. Nc3 Bg7 3. g3 e6 4. Bg2 Ne7 5. d4 c5 6. Nge2 cxd4 7. Nxd4 O-O 8.
O-O Nbc6 9. Ndb5 a6 10. Nd6 Qc7 11. Be3 b5 12. f4 b4 13. Na4 Rb8 14. Rb1 a5 15.
Nc5 Rd8 16. e5 Nf5 17. Bf2 Nfe7 18. g4 f6 19. exf6 Bxf6 20. Nce4 Bg7 21. g5 Ba6
22. Re1 Rf8 23. Kh1 Nd5 24. Nc5 Be2 25. Rxe2 Qxd6 26. Rd2 Rb5 27. Ne4 Qc7 28.
Bc5 Rxc5 29. Nxc5 Rxf4 30. Bxd5 exd5 31. Rg2 Rc4 32. Qxd5+ 1-0

[Event "Colombia ch sf 2009 femenina"]
[Site "Buga COL"]
[Date "2009.05.30"]
[Round "2.2"]
[White "Herrera, Milena"]
[Black "Panesso, Lina"]
[Result "1-0"]
[WhiteElo "2108"]
[BlackElo "1989"]
[PlyCount "65"]
[EventDate "2009.05.30"]
[EventType "swiss"]
[EventRounds "7"]
[EventCountry "COL"]
[Source "lmi"]
[SourceDate "2009.05.30"]

1. e4 c5 2. Nf3 Nc6 3. d4 cxd4 4. Nxd4 g6 5. c4 Nf6 6. Nc3 d6 7. Be2 Nxd4 8.
Qxd4 Bg7 9. O-O O-O 10. Qd3 Nd7 11. Be3 Ne5 12. Qd2 Be6 13. b3 Nc6 14. Rac1 Qa5
15. Bh6 Rfc8 16. Bxg7 Kxg7 17. Kh1 Qc5 18. Rcd1 Rd8 19. f4 Bd7 20. Nd5 a5 21.
Qc3+ f6 22. e5 dxe5 23. Nc7 Nd4 24. fxe5 fxe5 25. Nxa8 Rxa8 26. Bf3 Rb8 27. Qe3
Qc7 28. Rxd4 exd4 29. Qxe7+ Kh6 30. Qh4+ Kg7 31. Qxd4+ Kh6 32. Qh4+ Kg7 33. Bd5
1-0

[Event "Colombia ch sf 2009 femenina"]
[Site "Buga COL"]
[Date "2009.05.30"]
[Round "2.3"]
[White "Garcia, Martha Liliana"]
[Black "Orozco, Luz Elena"]
[Result "0-1"]
[WhiteElo "1982"]
[BlackElo "2058"]
[PlyCount "58"]
[EventDate "2009.05.30"]
[EventType "swiss"]
[EventRounds "7"]
[EventCountry "COL"]
[Source "lmi"]
[SourceDate "2009.05.30"]

1. e4 c5 2. Nc3 Nc6 3. g3 e6 4. Bg2 Nf6 5. d3 h6 6. f4 d6 7. Nf3 Be7 8. h3 Rb8
9. O-O b5 10. Ne2 Qc7 11. c3 Bb7 12. g4 c4 13. Ng3 b4 14. d4 d5 15. e5 Nh7 16.
f5 Bc8 17. Nh5 Bf8 18. Nh4 Qd8 19. Qe1 Rb7 20. Nf4 bxc3 21. bxc3 Be7 22. Nf3
exf5 23. e6 O-O 24. exf7+ Rxf7 25. Ne5 Nxe5 26. Qxe5 Bd6 27. Qxd5 Nf6 28. Qxc4
Rbc7 29. Qb3 Kh7 0-1

[Event "Colombia ch sf 2009 femenina"]
[Site "Buga COL"]
[Date "2009.05.30"]
[Round "2.4"]
[White "Salazar, Dirza Marcela"]
[Black "Matta, Paola Andrea"]
[Result "0-1"]
[WhiteElo "1921"]
[BlackElo "2055"]
[PlyCount "32"]
[EventDate "2009.05.30"]
[EventType "swiss"]
[EventRounds "7"]
[EventCountry "COL"]
[Source "lmi"]
[SourceDate "2009.05.30"]

1. e4 c5 2. Nf3 d6 3. d4 cxd4 4. Nxd4 Nf6 5. Nc3 a6 6. f3 e6 7. Be3 b5 8. Qd2
Qc7 9. O-O-O Bb7 10. Kb1 Nbd7 11. g4 h6 12. Bh3 b4 13. Nce2 d5 14. g5 hxg5 15.
Bxe6 fxe6 16. Nxe6 Qc4 0-1

[Event "Colombia ch sf 2009 femenina"]
[Site "Buga COL"]
[Date "2009.05.30"]
[Round "2.7"]
[White "Salcedo, Diana"]
[Black "Rodriguez Rueda, Paula Andrea"]
[Result "0-1"]
[WhiteElo "1961"]
[BlackElo "2035"]
[PlyCount "54"]
[EventDate "2009.05.30"]
[EventType "swiss"]
[EventRounds "7"]
[EventCountry "COL"]
[Source "lmi"]
[SourceDate "2009.05.30"]

1. c4 e6 2. Nc3 Nf6 3. e4 e5 4. Nf3 Nc6 5. d4 exd4 6. Nxd4 Nxd4 7. Qxd4 d6 8.
Bg5 Be7 9. Be2 h6 10. Bh4 O-O 11. O-O Re8 12. Bg3 Nh7 13. Qd3 b6 14. Bd1 Bb7
15. Bc2 Nf8 16. Ba4 Nd7 17. Qd2 Bf6 18. f3 Re7 19. Rad1 Nc5 20. Bc2 Re8 21. b4
Ne6 22. Nd5 Bxd5 23. Qxd5 Bh4 24. Bf2 Nf4 25. Qf5 Bg5 26. e5 g6 27. Qg4 h5 0-1

[Event "Colombia ch sf 2009 femenina"]
[Site "Buga COL"]
[Date "2009.05.30"]
[Round "2.8"]
[White "Perez, Laura"]
[Black "Orozco, Lina Yomayra"]
[Result "0-1"]
[WhiteElo "1906"]
[BlackElo "2111"]
[PlyCount "90"]
[EventDate "2009.05.30"]
[EventType "swiss"]
[EventRounds "7"]
[EventCountry "COL"]
[Source "lmi"]
[SourceDate "2009.05.30"]

1. d4 Nf6 2. Nf3 e6 3. Bg5 d5 4. e3 Nbd7 5. Nbd2 Be7 6. Bd3 O-O 7. Qe2 Re8 8.
h4 c5 9. c3 c4 10. Bc2 b5 11. e4 Nf8 12. e5 N6d7 13. g4 a5 14. Bxe7 Qxe7 15. h5
b4 16. g5 bxc3 17. bxc3 Qa3 18. g6 Qxc3 19. gxh7+ Nxh7 20. Bxh7+ Kxh7 21. Rb1
Qd3 22. Qxd3+ cxd3 23. Nb3 f6 24. Kd2 a4 25. Nc1 Ba6 26. Nxd3 Rab8 27. Nb4 Bc4
28. a3 Rec8 29. Rbe1 Re8 30. Rhg1 Bb3 31. Rg4 Nb6 32. Reg1 Rb7 33. exf6 gxf6
34. Rg6 Rf7 35. Nh4 Nc4+ 36. Kc3 Nxa3 37. Kb2 Nb5 38. R6g4 Bc4 39. Nc2 Rb8 40.
Re1 Nxd4+ 41. Kc1 Nxc2 42. Kxc2 a3 43. Kd2 a2 44. Rxe6 Rb2+ 45. Ke3 Re2+ 0-1

[Event "Colombia ch sf 2009 femenina"]
[Site "Buga COL"]
[Date "2009.05.30"]
[Round "2.10"]
[White "Aragon Aviles, Sandra"]
[Black "Aguilar, Natalia Andrea"]
[Result "0-1"]
[WhiteElo "1705"]
[BlackElo "1930"]
[PlyCount "94"]
[EventDate "2009.05.30"]
[EventType "swiss"]
[EventRounds "7"]
[EventCountry "COL"]
[Source "lmi"]
[SourceDate "2009.05.30"]

1. e4 c5 2. Nc3 Nc6 3. f4 e6 4. Nf3 Qc7 5. d3 a6 6. g3 b5 7. a3 Bb7 8. Bg2 Rc8
9. O-O Nge7 10. Be3 d6 11. Qe1 g6 12. Nh4 Nd4 13. Rc1 Bg7 14. Nd1 d5 15. c3 Nb3
16. Rc2 d4 17. cxd4 Nxd4 18. Rcf2 O-O 19. Kh1 f5 20. Nf3 Nxf3 21. Bxf3 Rfd8 22.
Rd2 c4 23. Nf2 cxd3 24. Qd1 Qc4 25. exf5 Bxf3+ 26. Qxf3 exf5 27. Rfd1 Qd5 28.
Qxd5+ Rxd5 29. Nxd3 Rcd8 30. Ne5 Rxd2 31. Rxd2 Rxd2 32. Bxd2 Bxe5 33. fxe5 Kf7
34. Kg2 Ke6 35. Bc3 Nc6 36. Kf3 Nxe5+ 37. Kf4 Nf7 38. h4 h6 39. Bd4 g5+ 40.
hxg5 hxg5+ 41. Ke3 Ne5 42. Bc3 Kd5 43. b3 Nd7 44. a4 Nc5 45. axb5 axb5 46. b4
Ne4 47. Be1 Nxg3 0-1

[Event "Colombia ch sf 2009 femenina"]
[Site "Buga COL"]
[Date "2009.05.31"]
[Round "3.1"]
[White "Orozco, Luz Elena"]
[Black "Franco Valencia, Beatriz I"]
[Result "1/2-1/2"]
[WhiteElo "2058"]
[BlackElo "2155"]
[PlyCount "57"]
[EventDate "2009.05.30"]
[EventType "swiss"]
[EventRounds "7"]
[EventCountry "COL"]
[Source "lmi"]
[SourceDate "2009.05.30"]

1. e4 c6 2. c4 d5 3. exd5 cxd5 4. cxd5 Nf6 5. Qa4+ Nbd7 6. Nc3 g6 7. Nf3 Bg7 8.
Qb3 O-O 9. Bc4 a6 10. a4 b6 11. O-O Bb7 12. Re1 Nc5 13. Qa3 Nxd5 14. d4 Ne6 15.
Nxd5 Bxd5 16. Bxd5 Qxd5 17. Qxe7 Rae8 18. Qb4 Nxd4 19. Nxd4 Qxd4 20. Bd2 Qxb2
21. Rab1 Rxe1+ 22. Bxe1 Qxb4 23. Rxb4 Re8 24. Rb1 Re4 25. Kf1 Rxa4 26. Rxb6 Bd4
27. Rd6 Kf8 28. Rd7 Ke8 29. Rb7 1/2-1/2

[Event "Colombia ch sf 2009 femenina"]
[Site "Buga COL"]
[Date "2009.05.31"]
[Round "3.3"]
[White "Rodriguez Rueda, Paula Andrea"]
[Black "Salazar, Aura Cristina"]
[Result "1/2-1/2"]
[WhiteElo "2035"]
[BlackElo "2031"]
[PlyCount "90"]
[EventDate "2009.05.30"]
[EventType "swiss"]
[EventRounds "7"]
[EventCountry "COL"]
[Source "lmi"]
[SourceDate "2009.05.30"]

1. d4 Nf6 2. c4 g6 3. Nc3 Bg7 4. e4 d6 5. f4 O-O 6. Nf3 Na6 7. Be2 Nd7 8. e5 c5
9. exd6 exd6 10. d5 Nf6 11. O-O Nc7 12. a4 b6 13. Qc2 a6 14. Bd3 Rb8 15. Rb1 b5
16. axb5 axb5 17. b3 Na6 18. Na2 b4 19. f5 Ra8 20. Bg5 Nb8 21. Nc1 Nbd7 22. Ne2
Qa5 23. Ng3 Ng4 24. h3 Nge5 25. Be7 Nxf3+ 26. Rxf3 Ne5 27. Rff1 Re8 28. f6 Qb6
29. Ne4 Bf5 30. g4 Bxe4 31. Bxe4 Bh6 32. Qg2 Ra3 33. h4 Rea8 34. Rb2 Qc7 35. h5
gxh5 36. gxh5+ Kh8 37. Qh3 Rg8+ 38. Kh1 Rg5 39. Rg1 Qd7 40. Qxd7 Nxd7 41. Rxg5
Bxg5 42. Bxd6 Bxf6 43. Rb1 Ra6 44. Bg3 Be5 45. Bxe5+ Nxe5 1/2-1/2

[Event "Colombia ch sf 2009 femenina"]
[Site "Buga COL"]
[Date "2009.05.31"]
[Round "3.4"]
[White "Rivera, Ingris"]
[Black "Salazar, Dirza Marcela"]
[Result "1/2-1/2"]
[WhiteElo "2187"]
[BlackElo "1921"]
[PlyCount "88"]
[EventDate "2009.05.30"]
[EventType "swiss"]
[EventRounds "7"]
[EventCountry "COL"]
[Source "lmi"]
[SourceDate "2009.05.30"]

1. d4 Nf6 2. Nf3 e6 3. Bf4 Be7 4. Nbd2 O-O 5. c3 d6 6. Qc2 Nbd7 7. e4 c5 8. Bd3
h6 9. O-O b6 10. Nc4 d5 11. exd5 Nxd5 12. Bg3 N7f6 13. Rad1 Ba6 14. Nce5 Bxd3
15. Qxd3 Qc8 16. c4 Nb4 17. Qb3 Rd8 18. a3 Nc6 19. d5 Na5 20. Qa2 exd5 21. cxd5
c4 22. d6 Rxd6 23. Ng6 Re6 24. Nd4 fxg6 25. Nxe6 Qxe6 26. Rfe1 Qf7 27. Qb1 Nb3
28. Qc2 Nc5 29. h3 Rf8 30. Re2 Nd3 31. Rxe7 Qxe7 32. Qxc4+ Qf7 33. Qxd3 Nh5 34.
Rc1 Nf4 35. Bxf4 Qxf4 36. Qe3 Qf6 37. Rc7 Qxb2 38. Rxa7 Qa1+ 39. Kh2 Qf6 40.
Rb7 Qd6+ 41. Qg3 Qc6 42. Qb3+ Kh7 43. Qxb6 Qxb6 44. Rxb6 Rxf2 1/2-1/2

[Event "Colombia ch sf 2009 femenina"]
[Site "Buga COL"]
[Date "2009.05.31"]
[Round "3.7"]
[White "Aguilar, Natalia Andrea"]
[Black "Rua, Nora"]
[Result "0-1"]
[WhiteElo "1930"]
[BlackElo "2009"]
[PlyCount "108"]
[EventDate "2009.05.30"]
[EventType "swiss"]
[EventRounds "7"]
[EventCountry "COL"]
[Source "lmi"]
[SourceDate "2009.05.30"]

1. d4 d5 2. Nf3 Nf6 3. c4 c6 4. Nc3 Bf5 5. e3 e6 6. Be2 Be7 7. O-O O-O 8. b3 h6
9. Bb2 Nbd7 10. Ne5 Bd6 11. f4 Ne4 12. Nxe4 Bxe4 13. Nxd7 Qxd7 14. Bf3 Bh7 15.
Qe1 a5 16. e4 Bxf4 17. Bh5 Bc7 18. e5 Bd3 19. Be2 Be4 20. Bf3 Bd3 21. Be2 Bf5
22. Rd1 Be4 23. Bf3 Bg6 24. Qg3 a4 25. Rf2 Kh7 26. h4 f6 27. h5 Bf5 28. Bg4 Be4
29. Qh3 f5 30. Bf3 axb3 31. axb3 Bd8 32. Bxe4 dxe4 33. Bc1 Bg5 34. Bf4 Ra5 35.
Qg3 Qe7 36. Rfd2 Rd8 37. Qe3 Bxf4 38. Qxf4 Qg5 39. Qxg5 hxg5 40. g3 Kh6 41. g4
f4 42. Kg2 e3 43. Rd3 e2 44. Re1 Rxe5 45. Kf3 c5 46. Rxe2 Rxe2 47. Kxe2 cxd4
48. Kf3 g6 49. hxg6 Kxg6 50. Ke4 Kf6 51. Rxd4 Rxd4+ 52. Kxd4 e5+ 53. Ke4 Ke6
54. c5 Kd7 0-1

[Event "Colombia ch sf 2009 femenina"]
[Site "Buga COL"]
[Date "2009.05.31"]
[Round "3.10"]
[White "Granada, Angie"]
[Black "Salcedo, Diana"]
[Result "1-0"]
[WhiteElo "1914"]
[BlackElo "1961"]
[PlyCount "83"]
[EventDate "2009.05.30"]
[EventType "swiss"]
[EventRounds "7"]
[EventCountry "COL"]
[Source "lmi"]
[SourceDate "2009.05.30"]

1. d4 Nf6 2. c4 e6 3. Nf3 d5 4. Nc3 Nbd7 5. cxd5 exd5 6. Bg5 c6 7. e3 Bd6 8.
Bd3 O-O 9. Qc2 h6 10. h4 Re8 11. O-O-O Qc7 12. Bxf6 Nxf6 13. Rdg1 Bd7 14. Bf5
Qc8 15. g4 Bxf5 16. gxf5 Ne4 17. Nxe4 dxe4 18. f6 g6 19. h5 g5 20. Nd2 Qe6 21.
Kb1 Bb4 22. Nc4 Qxf6 23. Ne5 Bd6 24. Ng4 Qe6 25. f4 exf3 26. e4 Kg7 27. e5 Be7
28. Rh3 f5 29. exf6+ Bxf6 30. Qg6+ Kf8 31. Rxf3 Qe4+ 32. Qxe4 Rxe4 33. Rxf6+
Ke7 34. Rxh6 Rf8 35. Rg6 Rf5 36. Rg7+ Kf8 37. Rxb7 Rxd4 38. Rxa7 Rff4 39. Ne5
Rf2 40. Ng6+ Kg8 41. Re1 Rd8 42. h6 1-0

[Event "Colombia ch sf 2009 femenina"]
[Site "Buga COL"]
[Date "2009.05.31"]
[Round "4.1"]
[White "Franco Valencia, Beatriz I"]
[Black "Matta, Paola Andrea"]
[Result "1-0"]
[WhiteElo "2155"]
[BlackElo "2055"]
[PlyCount "117"]
[EventDate "2009.05.30"]
[EventType "swiss"]
[EventRounds "7"]
[EventCountry "COL"]
[Source "lmi"]
[SourceDate "2009.05.30"]

1. e4 c5 2. Nc3 Nc6 3. g3 g6 4. Bg2 Bg7 5. d3 e6 6. Be3 d6 7. Qd2 Nge7 8. Bh6
O-O 9. h4 f6 10. Bxg7 Kxg7 11. h5 Rh8 12. Nge2 g5 13. h6+ Kf7 14. Bf3 Rg8 15.
Bh5+ Kf8 16. O-O-O d5 17. exd5 exd5 18. g4 b5 19. f4 b4 20. Na4 Qd6 21. fxg5
Rxg5 22. Rdf1 Kg8 23. Qf4 Qxf4+ 24. Rxf4 d4 25. Rxf6 Bd7 26. Rhf1 Ng6 27. Bxg6
Rxg6 28. Nxc5 Bxg4 29. Ng3 Ne5 30. Nge4 Bh3 31. Rh1 Bg2 32. Rxg6+ Nxg6 33. Rg1
Nf4 34. Kd2 Kf7 35. Ng5+ Kg6 36. Nge6 Nxe6 37. Rxg2+ Kf5 38. Nxe6 Kxe6 39. Rg7
a5 40. Rxh7 Rg8 41. Rg7 Rf8 42. Ke2 Rc8 43. Kd2 Rc5 44. h7 Rh5 45. Ke2 Kf6 46.
Ra7 Rh2+ 47. Kf3 Rh3+ 48. Ke4 Rh4+ 49. Kd5 Kg6 50. Kc4 Kf6 51. Rxa5 Rxh7 52.
Kxb4 Rc7 53. c3 Rb7+ 54. Rb5 Rc7 55. c4 Ke6 56. a4 Ra7 57. a5 Kd6 58. Rd5+ Kc6
59. Rxd4 1-0

[Event "Colombia ch sf 2009 femenina"]
[Site "Buga COL"]
[Date "2009.05.31"]
[Round "4.2"]
[White "Salazar, Aura Cristina"]
[Black "Orozco, Luz Elena"]
[Result "1-0"]
[WhiteElo "2031"]
[BlackElo "2058"]
[PlyCount "129"]
[EventDate "2009.05.30"]
[EventType "swiss"]
[EventRounds "7"]
[EventCountry "COL"]
[Source "lmi"]
[SourceDate "2009.05.30"]

1. e4 c5 2. Nf3 Nc6 3. d4 cxd4 4. Nxd4 e5 5. Nb5 d6 6. N1c3 a6 7. Na3 b5 8. Nd5
Nge7 9. c4 Nd4 10. Be3 Nxd5 11. cxd5 Qa5+ 12. Qd2 Qxd2+ 13. Kxd2 Be7 14. Bxd4
exd4 15. Nc2 Bf6 16. a4 Rb8 17. axb5 axb5 18. Kd3 O-O 19. Nxd4 Bxd4 20. Kxd4 f5
21. f3 fxe4 22. Kxe4 Bb7 23. Bd3 Bc8 24. Kd4 Bf5 25. Bxf5 Rxf5 26. Rhe1 Rb7 27.
Ra6 Rf6 28. Re6 Rf4+ 29. Kd3 Rb4 30. Kc3 Rh4 31. h3 Rc7+ 32. Kb3 Rd4 33. Rexd6
Rd2 34. Rdc6 Rd7 35. d6 Rxg2 36. Rc7 Rd8 37. Raa7 Rg6 38. Kb4 h5 39. d7 Kf7 40.
Rc8 Ke7 41. Rxd8 Kxd8 42. Kxb5 Rf6 43. b4 Rxf3 44. Kc5 Rf5+ 45. Kb6 g5 46. b5
g4 47. hxg4 hxg4 48. Ra8+ Kxd7 49. Rg8 Rf4 50. Kb7 Ke7 51. b6 Rb4 52. Kc7 Rc4+
53. Kb8 Rb4 54. b7 Kf7 55. Rg5 Kf6 56. Rg8 Kf7 57. Rg5 Kf6 58. Rc5 g3 59. Rc3
Rg4 60. Kc7 g2 61. Rc1 Rg7+ 62. Kc6 Rg8 63. Rg1 Ke6 64. Kb6 Rg4 65. b8=Q 1-0

[Event "Colombia ch sf 2009 femenina"]
[Site "Buga COL"]
[Date "2009.05.31"]
[Round "4.5"]
[White "Rua, Nora"]
[Black "Panesso, Lina"]
[Result "1-0"]
[WhiteElo "2009"]
[BlackElo "1989"]
[PlyCount "136"]
[EventDate "2009.05.30"]
[EventType "swiss"]
[EventRounds "7"]
[EventCountry "COL"]
[Source "lmi"]
[SourceDate "2009.05.30"]

1. e4 c5 2. Nc3 Nc6 3. g3 g6 4. Bg2 Bg7 5. d3 e6 6. f4 Nge7 7. Nf3 d5 8. O-O
O-O 9. e5 Rb8 10. Bd2 b5 11. Ne2 Qb6 12. c3 c4+ 13. d4 b4 14. h3 a5 15. g4 h6
16. Ng3 Bd7 17. Qc2 b3 18. axb3 Qxb3 19. Qxb3 Rxb3 20. Bc1 Ra8 21. Nd2 Rb6 22.
Bf3 a4 23. Bd1 Rba6 24. Bc2 R6a7 25. f5 gxf5 26. gxf5 exf5 27. Nxf5 Nxf5 28.
Bxf5 Bxf5 29. Rxf5 Ne7 30. Rf2 Ra6 31. Nf3 Rg6+ 32. Rg2 Rxg2+ 33. Kxg2 Nf5 34.
Kf2 h5 35. Ne1 Bf8 36. Kf3 Be7 37. Ng2 Nh4+ 38. Nxh4 Bxh4 39. Kf4 Be7 40. Kf5
Ra6 41. Bg5 Kf8 42. Bxe7+ Kxe7 43. Kg5 Rb6 44. Rxa4 Rxb2 45. Ra7+ Ke6 46. Ra6+
Ke7 47. Rf6 Rg2+ 48. Kh4 Rd2 49. Rf3 Rd3 50. Kg3 h4+ 51. Kf2 Rd2+ 52. Ke3 Rg2
53. Kf4 Ke6 54. Ke3 Rg6 55. Rf6+ Rxf6 56. exf6 Kxf6 57. Kf4 Ke6 58. Kg4 f6 59.
Kxh4 Kf5 60. Kg3 Ke4 61. h4 Kd3 62. h5 Kxc3 63. h6 Kd2 64. h7 c3 65. h8=Q c2
66. Qxf6 c1=Q 67. Qf4+ Kc2 68. Qxc1+ Kxc1 1-0

[Event "Colombia ch sf 2009 femenina"]
[Site "Buga COL"]
[Date "2009.05.31"]
[Round "4.6"]
[White "Echeverry, Maria Yesenia"]
[Black "Salazar, Dirza Marcela"]
[Result "0-1"]
[WhiteElo "1819"]
[BlackElo "1921"]
[PlyCount "96"]
[EventDate "2009.05.30"]
[EventType "swiss"]
[EventRounds "7"]
[EventCountry "COL"]
[Source "lmi"]
[SourceDate "2009.05.30"]

1. d4 Nf6 2. c4 e6 3. Nc3 Bb4 4. a3 Bxc3+ 5. bxc3 b6 6. f3 O-O 7. e4 d6 8. Bd3
Nbd7 9. Ne2 Bb7 10. O-O Rc8 11. Be3 c5 12. Rc1 e5 13. Ng3 Re8 14. Be2 Qc7 15.
Bf2 g6 16. Re1 Nf8 17. d5 h5 18. Qd2 N8h7 19. Nf1 Qe7 20. Ne3 Qf8 21. a4 Rb8
22. a5 Bc8 23. Rb1 g5 24. axb6 axb6 25. Rb3 g4 26. Kh1 Qh6 27. Nf1 Qg6 28. Ne3
Kh8 29. Rg1 Rg8 30. Qb2 Qh6 31. Rxb6 Rxb6 32. Qxb6 h4 33. Nf5 Bxf5 34. exf5 g3
35. Be1 gxh2 36. Kxh2 Qf4+ 37. Kh1 e4 38. Qb2 Qxf5 39. Bxh4 Qh5 40. g3 exf3 41.
Bd3 Rxg3 42. Qh2 Rxg1+ 43. Kxg1 Qg4+ 44. Kf1 Nh5 45. Bxh7 Kxh7 46. Qc2+ f5 47.
Bf2 Nf4 48. Qb2 Qg2+ 0-1

[Event "Colombia ch sf 2009 femenina"]
[Site "Buga COL"]
[Date "2009.05.31"]
[Round "4.7"]
[White "Orozco, Lina Yomayra"]
[Black "Rivera, Ingris"]
[Result "1-0"]
[WhiteElo "2111"]
[BlackElo "2187"]
[PlyCount "103"]
[EventDate "2009.05.30"]
[EventType "swiss"]
[EventRounds "7"]
[EventCountry "COL"]
[Source "lmi"]
[SourceDate "2009.05.30"]

1. e4 e5 2. Nf3 d6 3. Bc4 Be6 4. Bxe6 fxe6 5. d4 exd4 6. Nxd4 Qf6 7. c3 Nc6 8.
Qh5+ Kd7 9. O-O Nge7 10. Be3 a6 11. Nd2 g6 12. Qh3 Bg7 13. N2b3 Rae8 14. Rad1
b6 15. f4 Qf7 16. Nf3 h6 17. Ne5+ Bxe5 18. fxe5 Qg7 19. exd6 Nc8 20. dxc7+ Kxc7
21. Nd4 Nd8 22. Nf3 Rh7 23. Bd4 e5 24. Bxe5+ Rxe5 25. Nxe5 Qxe5 26. Rxd8 Nd6
27. Rxd6 Qxd6 28. Qg3 Qxg3 29. hxg3 Re7 30. Rf6 g5 31. Kf2 Rxe4 32. Rxh6 g4 33.
Rf6 Re7 34. Rf4 Rg7 35. Ke3 Kd6 36. Rf6+ Kc5 37. Kf4 a5 38. b4+ axb4 39. cxb4+
Kb5 40. Kf5 Ra7 41. Kxg4 Rxa2 42. Kf3 Rb2 43. g4 Rxb4 44. g5 Rd4 45. g6 Rd8 46.
g7 Rg8 47. Rf7 Kc6 48. Kg4 b5 49. Kg5 b4 50. Kg6 b3 51. Kh7 Ra8 52. g8=Q 1-0

[Event "Colombia ch sf 2009 femenina"]
[Site "Buga COL"]
[Date "2009.06.01"]
[Round "5.1"]
[White "Salazar, Aura Cristina"]
[Black "Franco Valencia, Beatriz I"]
[Result "0-1"]
[WhiteElo "2031"]
[BlackElo "2155"]
[PlyCount "98"]
[EventDate "2009.05.30"]
[EventType "swiss"]
[EventRounds "7"]
[EventCountry "COL"]
[Source "lmi"]
[SourceDate "2009.05.30"]

1. e4 e5 2. Nf3 d6 3. d4 Nd7 4. Nc3 c6 5. Be3 a6 6. Qd2 Be7 7. O-O-O b5 8. Ne2
Qc7 9. Ng3 Ndf6 10. Kb1 h5 11. h4 Nh6 12. Bxh6 Rxh6 13. Ng5 Rh8 14. Be2 Ng4 15.
Rhf1 f6 16. Nh3 g6 17. f4 exd4 18. Qxd4 Qa7 19. Qc3 Qc5 20. Rd3 Qxc3 21. Rxc3
f5 22. Ng5 fxe4 23. N3xe4 d5 24. Ng3 c5 25. Rd3 d4 26. Bf3 Ra7 27. c3 dxc3 28.
Rxc3 Nh2 29. Re1 Nxf3 30. Nxf3 Rc7 31. Ne4 Kf8 32. Kc1 Rg8 33. Neg5 Bd6 34. g3
Re7 35. Rce3 Rxe3 36. Rxe3 Kg7 37. Rd3 Rd8 38. Ne4 Bxf4+ 39. Kc2 Rxd3 40. Kxd3
Bc7 41. Nfg5 Be5 42. b3 Bf5 43. Ke3 c4 44. bxc4 bxc4 45. Nf3 Bb2 46. Nd4 c3 47.
Nd6 Bb1 48. Nc4 Bxa2 49. Ne5 c2 0-1